[Event "From's Gambit"]
[Site "SchemingMind.com"]
[Date "2022.08.21"]
[Round "-"]
[White "Robert Bruce"]
[Black "Raymond de Kemp"]
[Result "1-0"]
[WhiteCountry "SCO"]
[BlackCountry "NED"]
[WhiteElo "2324"]
[WhiteRD "71"]
[BlackElo "1779"]
[BlackRD "73"]
[GameID "726142"]

1. f4 e5 2. e4 exf4 3. Nf3 Nf6 4. e5 Nh5 5. Be2 d6 6. O-O dxe5 7. Nxe5 Qd4+ 8. Kh1 Nf6 9. Bf3 Be7 10. Qe2 O-O
11. c3 Qd8 12. d4 Re8 13. Bxf4 Nbd7 14. Nxf7
1-0

[Event "From's Gambit"]
[Site "SchemingMind.com"]
[Date "2022.08.21"]
[Round "-"]
[White "Raymond de Kemp"]
[Black "Robert Bruce"]
[Result "0-1"]
[WhiteCountry "NED"]
[BlackCountry "SCO"]
[WhiteElo "1779"]
[WhiteRD "73"]
[BlackElo "2324"]
[BlackRD "71"]
[GameID "726143"]

1. f4 e5 2. fxe5 d6 3. exd6 Bxd6 4. Nf3 Nf6 5. d4 O-O 6. Nc3 Re8 7. Bg5 Nbd7 8. Qd3 h6 9. Bd2 c5 10. O-O-O Ng4
11. Ne4 c4 12. Qxc4 Rxe4 13. e3 Nf2 14. Bd3 Nf6 15. Rdf1 Nxh1 16. Rxh1 Re7 17. Ne5 Be6 18. Qc3 Qb6 19. Nc4 Bxc4 20. Qxc4 Ne4
21. Be1 Nf6 22. a4 a5 23. Rf1 Rxe3 24. Bd2 Ree8 25. Bxh6 Rac8
0-1

[Event "From's Gambit"]
[Site "SchemingMind.com"]
[Date "2022.08.21"]
[Round "-"]
[White "Robert Bruce"]
[Black "William Lindberg"]
[Result "0-1"]
[WhiteCountry "SCO"]
[BlackCountry "USA"]
[WhiteElo "2317"]
[WhiteRD "68"]
[BlackElo "2443"]
[BlackRD "68"]
[GameID "726144"]

1. f4 e5 2. e4 exf4 3. Nf3 g5 4. Nc3 Nc6 5. d4 g4 6. Bc4 gxf3 7. Bxf4 f2+ 8. Kxf2 Bg7 9. Qh5 Bxd4+ 10. Kf1 Qe7
11. Nd5 Nf6 12. Qh6 Nxd5 13. exd5 Qc5 14. Bd3 Qxd5 15. Re1+ Ne7 16. Qh4 f6 17. c4 Qf7 18. Bxc7 Be5 19. Rxe5 fxe5+ 20. Ke1 d5
21. Rf1 Bf5 22. Ba5 dxc4 23. Bxc4 Qg6 24. Bb4 Nc6 25. Bb5 Kd7 26. Rf3 Rae8 27. Rg3 Qf7 28. Bxc6+ bxc6 29. Qh6 Bg6 30. Ra3 Qc4
31. Qd2+ Kc8 32. Rxa7 Qh4+ 33. g3 Qe4+ 34. Kf2 Ref8+ 35. Kg1 Rf1+ 36. Kxf1 Qh1+ 37. Kf2 Qxh2+ 38. Ke3 Qxg3+ 39. Ke2 Qh2+ 40. Kf3 Rf8+
41. Bxf8 Qxd2 42. Bc5 Qd5+ 43. Kg3 Qxc5 44. Ra8+ Kd7 45. Kf3 Qg1
0-1

[Event "From's Gambit"]
[Site "SchemingMind.com"]
[Date "2022.08.21"]
[Round "-"]
[White "William Lindberg"]
[Black "Robert Bruce"]
[Result "1-0"]
[WhiteCountry "USA"]
[BlackCountry "SCO"]
[WhiteElo "2414"]
[WhiteRD "67"]
[BlackElo "2336"]
[BlackRD "70"]
[GameID "726145"]

1. f4 e5 2. fxe5 Nc6 3. Nf3 g5 4. d4 g4 5. Ng5 d5 6. Nc3 Be7 7. e4 Bxg5 8. exd5 Bxc1 9. Rxc1 Nb4 10. Bb5+ c6
11. dxc6 bxc6 12. O-O cxb5 13. Nxb5 Kf8 14. Nd6 Be6 15. c4 Qb6 16. Kh1 Ne7 17. Rxf7+ Bxf7 18. Qf1
1-0

[Event "From's Gambit"]
[Site "SchemingMind.com"]
[Date "2022.08.21"]
[Round "-"]
[White "William Lindberg"]
[Black "Raymond de Kemp"]
[Result "1-0"]
[WhiteCountry "USA"]
[BlackCountry "NED"]
[WhiteElo "2443"]
[WhiteRD "69"]
[BlackElo "1779"]
[BlackRD "73"]
[GameID "726146"]

1. f4 e5 2. fxe5 d6 3. Nf3 dxe5 4. Nxe5 Bd6 5. Nf3 g5 6. d4 g4 7. Ne5 Bxe5 8. dxe5 Qxd1+ 9. Kxd1 Nc6 10. e4 Be6
11. Bf4 O-O-O+ 12. Kc1 Nge7 13. Bg5 a6 14. Bf6 Rhg8 15. Nc3 Rd4 16. Be2 Ng6 17. Rf1 Ngxe5 18. b3 Rd6 19. Kb2 Nd7 20. Bh4 Nd4
21. Bd3 Ne5 22. Rad1 f5 23. Nd5 Nxd3+ 24. Rxd3 Bxd5 25. exd5 Nb5 26. Rxf5 c6 27. a4 Nc7 28. dxc6 Rxc6 29. Rf7 h5 30. Rdd7 Re8
31. Bg3
1-0

[Event "From's Gambit"]
[Site "SchemingMind.com"]
[Date "2022.08.21"]
[Round "-"]
[White "Raymond de Kemp"]
[Black "William Lindberg"]
[Result "0-1"]
[WhiteCountry "NED"]
[BlackCountry "USA"]
[WhiteElo "1779"]
[WhiteRD "73"]
[BlackElo "2443"]
[BlackRD "69"]
[GameID "726147"]

1. f4 e5 2. fxe5 d6 3. exd6 Bxd6 4. Nf3 Nf6 5. Nc3 O-O 6. e3 a6 7. d4 h6 8. Bd3 c5 9. d5 b5 10. e4 c4
11. Be2 Nbd7 12. Be3 Qc7 13. Qd2 b4 14. O-O-O Re8 15. Nb1 Nxe4 16. Qe1 c3 17. bxc3 bxc3 18. Nd4 Qb6 19. Nxc3 Ba3#
0-1

[Event "From's Gambit"]
[Site "SchemingMind.com"]
[Date "2022.08.26"]
[Round "-"]
[White "Robert Bruce"]
[Black "Randy Bahr"]
[Result "1-0"]
[WhiteCountry "SCO"]
[BlackCountry "USA"]
[WhiteElo "2317"]
[WhiteRD "68"]
[BlackElo "1836"]
[BlackRD "74"]
[GameID "726152"]

1. f4 e5 2. e4 d5 3. exd5 exf4 4. Nf3 Nf6 5. Bc4 Nxd5 6. O-O Be6 7. Bb3 Be7 8. c4 Nb6 9. d4 Nxc4 10. Nc3 Ne3
11. Bxe3 fxe3 12. Bxe6 fxe6 13. Ne5 Bf6 14. Qh5+ g6 15. Nxg6 hxg6 16. Qxg6+ Kd7 17. Rxf6 Re8 18. d5 Kc8 19. Rxe6 Rxe6 20. dxe6 Nc6
21. Rd1 Qf8 22. Qf7
1-0

[Event "From's Gambit"]
[Site "SchemingMind.com"]
[Date "2022.08.26"]
[Round "-"]
[White "Randy Bahr"]
[Black "Robert Bruce"]
[Result "0-1"]
[WhiteCountry "USA"]
[BlackCountry "SCO"]
[WhiteElo "1838"]
[WhiteRD "76"]
[BlackElo "2324"]
[BlackRD "71"]
[GameID "726153"]

1. f4 e5 2. fxe5 d6 3. exd6 Bxd6 4. Nf3 g5 5. d4 g4 6. Ne5 Bxe5 7. dxe5 Qxd1+ 8. Kxd1 Nc6 9. Nc3 Be6 10. Bf4 O-O-O+
11. Ke1 Nge7 12. e3 Nd5 13. Nxd5 Bxd5 14. Rg1 h5 15. h4 Rhe8 16. Bb5 Be4 17. Rc1 a6 18. Bxc6 Bxc6 19. Bg5 Rd7 20. Bf6 g3
21. Rd1 Rg8 22. Rxd7 Kxd7 23. Bg5 Ke6 24. Ke2 b5 25. Bf4 Rg4 26. Kf1 Rxh4 27. Bxg3 Ra4 28. a3 Rg4 29. Kf2 h4 30. Bf4 a5
31. c3 a4 32. Kf1 Bb7 33. Kf2 Bc6 34. Kf1 Be4 35. Kf2 c6 36. Bh2 Kd5 37. g3 h3 38. Rd1+ Kc4 39. Rd8 Kb3 40. Rd2 c5
41. Bg1 Rg5 42. Rd7 Rf5+ 43. Ke2 c4 44. e6 fxe6 45. Rd4 Bd3+
0-1

[Event "From's Gambit"]
[Site "SchemingMind.com"]
[Date "2022.08.26"]
[Round "-"]
[White "William Lindberg"]
[Black "Randy Bahr"]
[Result "1-0"]
[WhiteCountry "USA"]
[BlackCountry "USA"]
[WhiteElo "2443"]
[WhiteRD "68"]
[BlackElo "1836"]
[BlackRD "74"]
[GameID "726154"]

1. f4 e5 2. fxe5 d6 3. Nf3 dxe5 4. Nxe5 Bd6 5. Nf3 g5 6. g3 g4 7. Nh4 Ne7 8. d4 Ng6 9. Ng2 Nc6 10. Be3 Qe7
11. Bh6 Bf5 12. c3 Be4 13. Nd2 Bd5 14. Qc2 O-O-O 15. e4 Rde8 16. Ne3 Bxe4 17. Nxe4 Nh4 18. Bd3 Nf3+ 19. Kf2 Ncxd4 20. cxd4 Kb8
21. Nf5 Qe6 22. Nexd6 cxd6 23. Bf4 Rd8 24. h3 h5 25. hxg4 hxg4 26. Nxd6 Ka8 27. Ba6 Qf6 28. Bxb7+ Kb8 29. Be4 Qxd4+ 30. Kg2
1-0

[Event "From's Gambit"]
[Site "SchemingMind.com"]
[Date "2022.08.26"]
[Round "-"]
[White "Randy Bahr"]
[Black "William Lindberg"]
[Result "0-1"]
[WhiteCountry "USA"]
[BlackCountry "USA"]
[WhiteElo "1836"]
[WhiteRD "74"]
[BlackElo "2443"]
[BlackRD "68"]
[GameID "726155"]

1. f4 e5 2. fxe5 d6 3. exd6 Bxd6 4. Nf3 Bg4 5. e4 Qe7 6. Nc3 f5 7. d3 Nf6 8. Bg5 Nc6 9. Be2 O-O-O 10. O-O Kb8
11. Kh1 h6 12. Bxf6 Qxf6 13. Nd5 Qg6 14. Nh4 Qh5 15. Bxg4 Qxh4 16. Bh3 fxe4 17. Qg4 Qxg4 18. Bxg4 exd3 19. cxd3 Bxh2 20. Kxh2 Rxd5
21. Bf5 Ne5 22. Rad1 a6 23. Kg3 Rhd8 24. d4 Nc4 25. Be4 Rg5+ 26. Kh2 Ne3 27. d5 Nxd1 28. Rxd1 c6
0-1

[Event "From's Gambit"]
[Site "SchemingMind.com"]
[Date "2022.08.26"]
[Round "-"]
[White "Raymond de Kemp"]
[Black "Randy Bahr"]
[Result "0-1"]
[WhiteCountry "NED"]
[BlackCountry "USA"]
[WhiteElo "1767"]
[WhiteRD "72"]
[BlackElo "1836"]
[BlackRD "74"]
[GameID "726156"]

1. f4 e5 2. fxe5 d6 3. exd6 Bxd6 4. Nf3 g5 5. g3 g4 6. Nh4 Ne7 7. d4 Ng6 8. Nxg6 hxg6 9. Qd3 Nc6 10. c3 Qe7
11. Bg2 Be6 12. Nd2 O-O-O 13. Ne4 Rh5 14. Nxd6+ cxd6 15. Bxc6 bxc6 16. Qa6+ Kb8 17. Qxc6 Bd5 18. Qb5+ Ka8 19. Rg1 Bf3 20. Qd3 Rxh2
21. e3 Re2+ 22. Qxe2 Bxe2 23. Kxe2 Rh8 24. Bd2 Qe4 25. Raf1 Rh2+
0-1

[Event "From's Gambit"]
[Site "SchemingMind.com"]
[Date "2022.08.26"]
[Round "-"]
[White "Randy Bahr"]
[Black "Raymond de Kemp"]
[Result "0-1"]
[WhiteCountry "USA"]
[BlackCountry "NED"]
[WhiteElo "1838"]
[WhiteRD "76"]
[BlackElo "1779"]
[BlackRD "73"]
[GameID "726157"]

1. f4 e5 2. fxe5 d6 3. exd6 Bxd6 4. Nf3 Nf6 5. e3 Ng4 6. Qe2 Nc6 7. Nc3 O-O 8. g3 Nb4 9. Qd1 Bf5 10. e4 Re8
11. Be2 Bc5 12. d4 Bxe4 13. Nxe4 Rxe4 14. O-O Bxd4+ 15. Nxd4 Rxd4 16. Bd3 Nxd3 17. cxd3 Ne5 18. Qh5 Qe7 19. Bg5 f6 20. Rae1 Rxd3
21. Bf4 Qc5+ 22. Kg2 Qd5+ 23. Kh3 g6 24. Qe2 Qd7+ 25. Kg2 Re8 26. Qc2 Re6 27. Bh6 Rc6 28. Qe2 Ng4 29. Bc1 Rxc1
0-1

[Event "From's Gambit"]
[Site "SchemingMind.com"]
[Date "2022.08.25"]
[Round "-"]
[White "Robert Bruce"]
[Black "Matthew Bailey"]
[Result "0-1"]
[WhiteCountry "SCO"]
[BlackCountry "ENG"]
[WhiteElo "2324"]
[WhiteRD "71"]
[BlackElo "2581"]
[BlackRD "70"]
[GameID "726159"]

1. f4 e5 2. e4 exf4 3. Nf3 d6 4. d4 g5 5. g3 Bg7 6. Nc3 Nc6 7. d5 Ne5 8. gxf4 gxf4 9. Bxf4 Bg4 10. Bb5+ Kf8
11. Be2 Nxf3+ 12. Bxf3 Bxc3+ 13. bxc3 Qf6 14. O-O Qxf4 15. Bxg4 Qxe4 16. Bf5 Qe5 17. Qd2 Re8 18. Be6 Re7 19. Rae1 Qg7+ 20. Kh1 h5
21. Rg1 Qh6 22. Qd4 Nf6 23. Ref1 Ng4 24. Qxa7 Qe3 25. Qd4 Qxd4 26. cxd4 Rg8 27. Rg3 Nh6 28. Rxg8+ Kxg8 29. Bc8 b6 30. Kg2 Re2+
31. Rf2 Re4 32. c3 Kg7 33. Ba6 Ng8 34. Kf3 Nf6 35. Bd3 Re8 36. Re2 Rxe2 37. Kxe2 Nxd5 38. Kd2 h4 39. c4 Nf4 40. Bc2 Ne6
41. Ke3 Kf6 42. a3 Kg5 43. Ba4 c5 44. dxc5 dxc5 45. Bc6 f5 46. Bd5 Nf4 47. Bf7 Ng6 48. Bd5 Kg4 49. Bf7 Ne5 50. Be6 h3
51. a4 Kg5 52. Kf2 Kf4 53. Bd5 Ng4+ 54. Kg1 Ke5 55. Bf7 f4 56. Bd5 Ne3 57. Bg8 Kd4 58. Kf2 Ng4+ 59. Kf3 Nxh2+ 60. Kxf4 Nf1
61. Kf3 Nd2+
0-1

[Event "From's Gambit"]
[Site "SchemingMind.com"]
[Date "2022.08.25"]
[Round "-"]
[White "Matthew Bailey"]
[Black "Robert Bruce"]
[Result "1-0"]
[WhiteCountry "ENG"]
[BlackCountry "SCO"]
[WhiteElo "2581"]
[WhiteRD "70"]
[BlackElo "2324"]
[BlackRD "71"]
[GameID "726160"]

1. f4 e5 2. fxe5 Nc6 3. Nf3 g5 4. d4 g4 5. Ng5 d5 6. exd6 Bxd6 7. Ne4 Nxd4 8. Nxd6+ Qxd6 9. e3 Nf5 10. Bd3 Be6
11. e4 Nd4 12. Nc3 O-O-O 13. Bg5 Ne7 14. Qd2 Rd7 15. Bf6 Rg8 16. O-O-O Ng6 17. Rhf1 Qxh2 18. Nd5 Nc6 19. Bb5 Rd6 20. c4 Qg3
21. c5 Rd7 22. Bxc6 bxc6 23. Qe2 Bxd5 24. exd5 Kb8 25. Kb1 Nf4 26. Qe5 Qxg2 27. Rxf4 Rxd5 28. Rxd5 Qxd5 29. Qxd5 cxd5 30. c6 h5
31. Rf5 g3 32. Bd4 g2 33. Bg1 Rg6 34. Rxh5 Rxc6 35. Rg5 Rg6 36. Rxg6 fxg6 37. Kc2 c6 38. Kc3 a6 39. Kd4 Kc7 40. Ke5 Kd7
41. Bc5 g5 42. a4 a5 43. Kf5 d4 44. Bxd4 Kd6 45. Ke4 Ke6 46. Bb6 g4 47. Bg1 Kd6 48. Kd4
1-0

[Event "From's Gambit"]
[Site "SchemingMind.com"]
[Date "2022.08.25"]
[Round "-"]
[White "William Lindberg"]
[Black "Matthew Bailey"]
[Result "1/2-1/2"]
[WhiteCountry "USA"]
[BlackCountry "ENG"]
[WhiteElo "2443"]
[WhiteRD "69"]
[BlackElo "2581"]
[BlackRD "70"]
[GameID "726161"]

1. f4 e5 2. fxe5 d6 3. exd6 Bxd6 4. Nf3 g5 5. d3 g4 6. Nd4 Qh4+ 7. g3 Bxg3+ 8. hxg3 Qxh1 9. Bf4 Ne7 10. Qd2 Be6
11. Nb5 Na6 12. N1c3 O-O 13. O-O-O Ng6 14. e3 Nxf4 15. gxf4 c6 16. Bg2 Qh6 17. Rh1 Qg6 18. Nd6 Bd5 19. Nxb7 Bxg2 20. Qxg2 Rae8
21. e4 Re7 22. Na5 f5 23. e5 Rc7 24. d4 h5 25. Kb1 Qh6 26. Qf1 g3 27. Ne2 Rg7 28. Nxg3 Rxg3 29. Qxa6 Qxf4 30. Nxc6 Qe4
31. Rc1 f4 32. Ne7+ Kh7 33. Qd6 f3 34. Nd5 Kg7 35. e6 Rg6 36. Qd7+ Kh6 37. e7 Rfg8 38. Qd8 Kh7 39. Qd7 Kh8 40. Qd8 f2
41. Qf8 Rg7 42. Nc3 Qxe7 43. Qxf2 Rg2 44. Qf3 h4 45. a3 R8g3 46. Qh5+ Kg7 47. d5 Rg1 48. Rxg1 Rxg1+ 49. Ka2 Rg6 50. Qf3 Qd7
51. Ne2 Qg4 52. Qe3 h3 53. Qxa7+ Kh6 54. Qe3+ Rg5 55. Qf2 Qc4+ 56. Kb1 Rxd5 57. Qf6+ Kh5 58. Nf4+ Kg4 59. Nxd5 Qxd5 60. Qf2 Qe5
61. Qg1+ Kh5 62. Qd1+ Kh4 63. Qd8+ Kg3 64. Qd3+ Kg2=
1/2-1/2

[Event "From's Gambit"]
[Site "SchemingMind.com"]
[Date "2022.08.25"]
[Round "-"]
[White "Matthew Bailey"]
[Black "William Lindberg"]
[Result "1-0"]
[WhiteCountry "ENG"]
[BlackCountry "USA"]
[WhiteElo "2581"]
[WhiteRD "70"]
[BlackElo "2443"]
[BlackRD "69"]
[GameID "726162"]

1. f4 e5 2. fxe5 d6 3. exd6 Bxd6 4. Nf3 Nf6 5. g3 O-O 6. Bg2 c5 7. b3 Nc6 8. Bb2 Re8 9. O-O Ne5 10. Na3 a6
11. e3 Bg4 12. Nc4 Nxc4 13. bxc4 Bc7 14. Qc1 Rb8 15. a4 Qe7 16. Ra3 Bc8 17. Bxf6 Qxf6 18. Nh4 Qe7 19. Bd5 Be6 20. Rd3 Bxd5
21. Rxd5 Rbd8 22. Qa3 b6 23. Qd3 a5 24. Ng2 Bd6 25. Nf4 g6 26. h4 Kg7 27. Rf3 Qe4 28. Qxe4 Rxe4 29. d3 Ree8 30. e4 Bc7
31. Kg2 h5 32. Rf1 Re7 33. Rxd8 Bxd8 34. c3 Re8 35. Kf3 Bc7 36. d4 Bd8 37. Rb1 Kf8 38. Nd5 Re6 39. dxc5 bxc5 40. Rb8 Re8
41. Rb5 Re6 42. Rxc5 Ke8 43. Nc7+ Bxc7 44. Rxc7 Re5 45. Kf4 f6 46. c5 g5+ 47. hxg5 Rxg5 48. c6 Rc5 49. Ra7 Rxc6 50. Rxa5 Rc4
51. Rxh5 Rxa4 52. Kf5 Ra5+ 53. Kg6 Ra6 54. Rc5 Ke7 55. Rc7+ Kd8 56. Rf7 Re6 57. Rxf6 Rxe4 58. Rf4 Re6+ 59. Kf5 Rc6 60. c4 Rc5+
61. Kf6 Rc6+ 62. Kg7 Rc7+ 63. Kg8 Rc5 64. Kf8 Kd7 65. Kf7 Rh5 66. Rd4+ Kc6 67. g4 Rh4 68. Kg6 Rh8 69. g5 Kc5 70. Rg4 Kd6
71. Kf7 Rh7+ 72. Kf6 Rh2 73. g6 Rf2+ 74. Kg5 Rf8 75. g7 Ra8 76. Kf6 Kc5 77. g8=Q Rxg8 78. Rxg8 Kxc4 79. Ke5 Kd3 80. Rg4 Ke3
81. Rg3+ Kf2 82. Rd3 Ke2 83. Ke4 Kf2 84. Kf4 Ke2 85. Rd4 Kf2 86. Re4
1-0

[Event "From's Gambit"]
[Site "SchemingMind.com"]
[Date "2022.08.25"]
[Round "-"]
[White "Raymond de Kemp"]
[Black "Matthew Bailey"]
[Result "0-1"]
[WhiteCountry "NED"]
[BlackCountry "ENG"]
[WhiteElo "1779"]
[WhiteRD "73"]
[BlackElo "2581"]
[BlackRD "70"]
[GameID "726163"]

1. f4 e5 2. fxe5 d6 3. exd6 Bf5 4. dxc7 Qxc7 5. d3 Nf6 6. Nf3 Nc6 7. e4 Be6 8. g3 Rd8 9. Bf4 Qb6 10. Nbd2 h6
11. Bg2 g5 12. Nxg5 hxg5 13. Bxg5 Ng4 14. Rf1 Rxh2
0-1

[Event "From's Gambit"]
[Site "SchemingMind.com"]
[Date "2022.08.25"]
[Round "-"]
[White "Matthew Bailey"]
[Black "Raymond de Kemp"]
[Result "1-0"]
[WhiteCountry "ENG"]
[BlackCountry "NED"]
[WhiteElo "2581"]
[WhiteRD "70"]
[BlackElo "1779"]
[BlackRD "73"]
[GameID "726164"]

1. f4 e5 2. fxe5 d6 3. Nf3 dxe5 4. Nxe5 Bd6 5. Nf3 Nf6 6. g3 Nc6 7. Bg2 Bg4 8. O-O Qd7 9. d4 O-O-O 10. Bg5 Be7
11. c3 h6 12. Bxf6 Bxf6 13. Nbd2 Rde8 14. e4 Bg5 15. Nb3 b6 16. Qd3 Bxf3 17. Qxf3 Nd8 18. e5 c6 19. Rad1 Qb7 20. h4 Be7
21. d5 f6 22. dxc6 Bc5+ 23. Nxc5
1-0

[Event "From's Gambit"]
[Site "SchemingMind.com"]
[Date "2022.08.26"]
[Round "-"]
[White "Matthew Bailey"]
[Black "Randy Bahr"]
[Result "1-0"]
[WhiteCountry "ENG"]
[BlackCountry "USA"]
[WhiteElo "2584"]
[WhiteRD "72"]
[BlackElo "1836"]
[BlackRD "74"]
[GameID "726165"]

1. f4 e5 2. fxe5 d6 3. exd6 Bxd6 4. Nf3 g5 5. g3 g4 6. Nh4 Ne7 7. d4 Ng6 8. Nxg6 hxg6 9. Qd3 Nc6 10. c3 Qe7
11. Nd2 Be6 12. Ne4 Rh5 13. Bg2 O-O-O 14. Nxd6+ Qxd6 15. O-O Rdh8 16. Bf4 Qd7 17. Rad1 g5 18. Bxg5 Rxg5 19. d5 Bxd5 20. Bxd5 Qd6
21. Bxc6 Qxc6 22. Rxf7 Re8 23. Qd7+ Qxd7 24. Rdxd7 Rge5 25. Rxc7+ Kb8 26. Rxb7+ Ka8 27. Rxa7+ Kb8 28. Rfb7+ Kc8 29. Rb4 Rxe2 30. Ra8+
1-0

[Event "From's Gambit"]
[Site "SchemingMind.com"]
[Date "2022.08.26"]
[Round "-"]
[White "Randy Bahr"]
[Black "Matthew Bailey"]
[Result "0-1"]
[WhiteCountry "USA"]
[BlackCountry "ENG"]
[WhiteElo "1836"]
[WhiteRD "74"]
[BlackElo "2584"]
[BlackRD "72"]
[GameID "726166"]

1. f4 e5 2. fxe5 d6 3. exd6 Bxd6 4. Nf3 Nf6 5. d3 Ng4 6. Bg5 f6 7. Bc1 Nc6 8. Nc3 O-O 9. e4 Bc5 10. Qe2 Bf2+
11. Kd1 Nd4 12. Nxd4 Bxd4 13. Kd2 Nf2 14. Nd1 Bg4 15. Qxf2 Bxf2 16. Nxf2 f5 17. h4 Bh5 18. c3 fxe4 19. Kc2 Rxf2+ 20. Bd2 e3
0-1

[Event "From's Gambit"]
[Site "SchemingMind.com"]
[Date "2022.08.29"]
[Round "-"]
[White "pnwmusichound"]
[Black "Robert Bruce"]
[Result "0-1"]
[WhiteCountry "USA"]
[BlackCountry "SCO"]
[WhiteElo "1873"]
[WhiteRD "95"]
[BlackElo "2317"]
[BlackRD "68"]
[GameID "726301"]

1. f4 e5 2. fxe5 Nc6 3. Nf3 g5 4. h3 d6 5. d4 dxe5 6. d5 e4 7. Nxg5 Bd6 8. Nxe4 Qh4+ 9. g3 Qxe4 10. Rg1 Nd4
11. Kd2 Bc5 12. Nc3 Nf3+ 13. exf3 Qe3#
0-1

[Event "From's Gambit"]
[Site "SchemingMind.com"]
[Date "2022.09.03"]
[Round "-"]
[White "Robert Bruce"]
[Black "pnwmusichound"]
[Result "1-0"]
[WhiteCountry "SCO"]
[BlackCountry "USA"]
[WhiteElo "2329"]
[WhiteRD "73"]
[BlackElo "1771"]
[BlackRD "89"]
[GameID "726302"]

1. f4 e5 2. e4 exf4 3. Nf3 Be7 4. Bc4 Nf6 5. e5 Ng4 6. d4 Bh4+ 7. Kf1 Nf2 8. Qd2 Nxh1 9. Qxf4 O-O 10. Qxh4 d6
11. Bg5 Qd7 12. Be7 dxe5 13. Bxf8 Kxf8 14. Qxh7 Nf2 15. Kxf2 e4 16. Qh8+ Ke7 17. Nc3 exf3 18. Re1+ Kf6 19. Qh4+ g5 20. Qh6+ Kf5
21. Re5+ Kf4 22. Qxg5#
1-0

[Event "From's Gambit"]
[Site "SchemingMind.com"]
[Date "2022.08.29"]
[Round "-"]
[White "pnwmusichound"]
[Black "William Lindberg"]
[Result "0-1"]
[WhiteCountry "USA"]
[BlackCountry "USA"]
[WhiteElo "1816"]
[WhiteRD "93"]
[BlackElo "2443"]
[BlackRD "69"]
[GameID "726303"]

1. f4 e5 2. fxe5 d6 3. exd6 Bxd6 4. Nf3 Nf6 5. e3 c5 6. Bc4 Nc6 7. O-O Bg4 8. Nc3 O-O 9. h3 Bxf3 10. gxf3 Qd7
11. Kg2 Kh8 12. f4 a6 13. a4 Rg8 14. e4 g5 15. f5 Qe7 16. d3 Qe5 17. Rg1 g4 18. h4 Qh2+ 19. Kf1 g3 20. Qe2 g2+
21. Qxg2 Rxg2 22. Rxg2 Qh1+ 23. Kf2 Qxh4+ 24. Kf1 Ng4 25. Bd2 Qh1+ 26. Rg1 Nh2+ 27. Kf2 Qf3+ 28. Ke1 Bg3+ 29. Rxg3 Qf1#
0-1

[Event "From's Gambit"]
[Site "SchemingMind.com"]
[Date "2022.08.29"]
[Round "-"]
[White "William Lindberg"]
[Black "pnwmusichound"]
[Result "1-0"]
[WhiteCountry "USA"]
[BlackCountry "USA"]
[WhiteElo "2443"]
[WhiteRD "69"]
[BlackElo "1816"]
[BlackRD "93"]
[GameID "726304"]

1. f4 e5 2. fxe5 d6 3. Nf3 dxe5 4. Nxe5 Qh4+ 5. g3 Qe4 6. Nf3 Bg4 7. Bg2 Nc6 8. d4 O-O-O 9. Nbd2 Qe6 10. c3 h6
11. Qb3 Bxf3 12. Bxf3 Qh3 13. Nc4 Nge7 14. Ne5 Nxe5 15. Qxb7+ Kd7 16. dxe5 Qf5 17. O-O Qxe5 18. Bf4 Qc5+ 19. e3 Rc8 20. Bg4+ f5
21. Rad1+ Ke8 22. Bh5+ g6 23. Bxg6+ Nxg6 24. b4 Qxc3 25. Qxc8+ Kf7 26. Qxf5+ Kg7 27. Rd7+ Be7 28. Rxe7+ Nxe7 29. Be5+ Kg8 30. Qf7#
1-0

[Event "From's Gambit"]
[Site "SchemingMind.com"]
[Date "2022.09.03"]
[Round "-"]
[White "pnwmusichound"]
[Black "Raymond de Kemp"]
[Result "0-1"]
[WhiteCountry "USA"]
[BlackCountry "NED"]
[WhiteElo "1771"]
[WhiteRD "89"]
[BlackElo "1815"]
[BlackRD "73"]
[GameID "726305"]

1. f4 e5 2. fxe5 Nc6 3. Nf3 g5 4. h3 d6 5. d4 dxe5 6. d5 e4 7. Nxg5 Nb4 8. Nc3 Bf5 9. Be3 Nf6 10. g4 Nfxd5
11. Nxd5 Nxd5 12. gxf5 Nxe3 13. Qxd8+ Rxd8 14. Rc1 Bd6 15. Nxe4 Nxf5 16. Nf6+ Ke7 17. Ng4 h5 18. Nf2 Ne3 19. Nd3 Bg3+ 20. Kd2 Bf4
21. Kc3 Nd5+ 22. Kb3 Bxc1 23. Nxc1 Rh6 24. a3 Rb6+ 25. Ka2 Ne3 26. Nd3 Nxc2 27. Bg2 Ne3 28. Bf3 h4 29. Rc1 Nd5 30. Rc5 c6
31. e4 Nc7 32. Be2 Rd4 33. e5 Ne6 34. Rc2 Ng5 35. Nf2 Rd5 36. Ng4 Nxh3 37. b4 a5 38. Kb3 c5 39. Rc3 Nf4 40. Bf3 Rd7
41. Rxc5 axb4 42. axb4 Nd3 43. Rc4 Ke6 44. Nf6 Rd8 45. Rxh4 Nxe5 46. Rh6 Ng6 47. Ne4 Ke7 48. Nc5 Rd4 49. Bxb7 Rdxb4+ 50. Kc3 Rxb7
51. Nxb7 Rxb7 52. Kd4 Rd7+ 53. Ke4 Kf6 54. Kf3 Kg5 55. Rh7 Ne5+ 56. Ke4 f5+
0-1

[Event "From's Gambit"]
[Site "SchemingMind.com"]
[Date "2022.09.03"]
[Round "-"]
[White "Raymond de Kemp"]
[Black "pnwmusichound"]
[Result "1-0"]
[WhiteCountry "NED"]
[BlackCountry "USA"]
[WhiteElo "1779"]
[WhiteRD "73"]
[BlackElo "1816"]
[BlackRD "93"]
[GameID "726306"]

1. f4 e5 2. fxe5 d6 3. exd6 Bxd6 4. Nf3 Nf6 5. Nc3 Ng4 6. g3 Nxh2 7. Ne4 Nxf3+ 8. exf3 f5 9. Nxd6+ Qxd6 10. f4 g5
11. Qh5+ Kd7 12. Rh2 Qe7+ 13. Re2 Qd6 14. b3 gxf4 15. Bb2 f3 16. Qxf5+ Kd8 17. Bf6+
1-0

[Event "From's Gambit"]
[Site "SchemingMind.com"]
[Date "2022.09.03"]
[Round "-"]
[White "pnwmusichound"]
[Black "Matthew Bailey"]
[Result "0-1"]
[WhiteCountry "USA"]
[BlackCountry "ENG"]
[WhiteElo "1771"]
[WhiteRD "89"]
[BlackElo "2591"]
[BlackRD "71"]
[GameID "726307"]

1. f4 e5 2. fxe5 d6 3. exd6 Bxd6 4. Nf3 g5 5. d4 g4 6. Ng5 f5 7. e4 h6 8. e5 Be7 9. Nh3 gxh3 10. Qh5+ Kf8
11. Bc4 Rh7 12. Qg6 Bb4+ 13. c3 Rg7 14. Bxh6 Qh4+ 15. g3 Qxh6 16. Qxh6 Nxh6 17. cxb4 Rg4 18. Nd2 Nc6 19. O-O Rxd4 20. Bb3 Rxd2
21. e6 Nd4 22. Rf2 Rxf2 23. Kxf2 Ng4+ 24. Kf1 Nxb3 25. e7+ Kxe7 26. Re1+ Be6 27. axb3 Nxh2+ 28. Kf2 Ng4+ 29. Kf3 Rd8 30. Rh1 Rd2
31. Kf4 Kf6 32. Rxh3 Rf2#
0-1

[Event "From's Gambit"]
[Site "SchemingMind.com"]
[Date "2022.09.03"]
[Round "-"]
[White "Matthew Bailey"]
[Black "pnwmusichound"]
[Result "1-0"]
[WhiteCountry "ENG"]
[BlackCountry "USA"]
[WhiteElo "2581"]
[WhiteRD "70"]
[BlackElo "1816"]
[BlackRD "93"]
[GameID "726308"]

1. f4 e5 2. e4 exf4 3. Nf3 g5 4. Nc3 Nc6 5. g3 g4 6. Nh4 d6 7. d4 Bg7 8. Bxf4 Nxd4 9. Bg2 Nc6 10. O-O Be6
11. Nf5 Bxc3 12. bxc3 Qf6 13. Bxd6 Bxf5 14. Bxc7 Qxc3 15. exf5 Nf6 16. Qd6 Qe3+ 17. Kh1 Ne4 18. Qf4 Qxf4 19. Bxf4 Nf6 20. Rfe1+ Kf8
21. Bh6+ Kg8 22. Bxc6 bxc6 23. Rad1 Nd5 24. Rxd5 cxd5 25. f6 d4 26. Re4 Rc8 27. Rxg4#
1-0

[Event "From's Gambit"]
[Site "SchemingMind.com"]
[Date "2022.08.29"]
[Round "-"]
[White "pnwmusichound"]
[Black "Randy Bahr"]
[Result "1-0"]
[WhiteCountry "USA"]
[BlackCountry "USA"]
[WhiteElo "1873"]
[WhiteRD "95"]
[BlackElo "1836"]
[BlackRD "74"]
[GameID "726309"]

1. f4 e5 2. fxe5 d6 3. exd6 Bxd6 4. Nf3 g5 5. d4 g4 6. Ng5 f5 7. e4 h6 8. e5 Be7 9. Nh3 gxh3 10. Qh5+ Kf8
11. Bc4 Rh7 12. Qg6 Rg7 13. Bxh6 Nxh6 14. Qxh6 Ke8 15. Qxg7 Qxd4 16. Bf7+ Kd7 17. e6+
1-0